| 000 | 00680nam a22002417a 4500 | ||
|---|---|---|---|
| 001 | 399 | ||
| 003 | FISKH | ||
| 005 | 20240108141657.0 | ||
| 008 | 230407b cb ||||| |||| 00| 0 eng d | ||
| 040 |
_aFISKH _beng _cFISKH _dFISKH |
||
| 050 | _aPZ7.L58474 | ||
| 082 | _a813 | ||
| 100 |
_aLewis, C.S. _d1898-1963 _qClive Staples Lewis |
||
| 245 |
_aThe last battle / _cC.S. Lewis ; illustrated by Pauline Baynes |
||
| 250 | _aFirst scholastic printing, January 1995 | ||
| 260 |
_aNew York : _bScholastic, _c1995 |
||
| 300 |
_a211 pages : _c20cm |
||
| 490 | _aThe chronicles of narnia | ||
| 505 | _aQ | ||
| 521 | 8 |
_a890
_bLexile |
|
| 521 | 8 |
_aQ
_bRaz-Plus |
|
| 942 |
_2ddc _cBK _n0 |
||
| 999 |
_c399 _d399 |
||